Famous Acronyms - Statistics

General Stats
  • This quiz has been taken 57 times
  • The average score is 4 of 20
Answer Stats
Abbreviation Answer % Correct
UN United Nations
91%
EU European Union
74%
WHO World Health Organization
61%
IMF International Monetary Fund
48%
WTO World Trade Organization
39%
NATO North Atlantic Treaty Organization
37%
YMCA Young Men's Christian Association
37%
NASA National Aeronautics and Space Administration
11%
OPEC Organization of the Petroleum Exporting Countries
7%
AU African Union
4%
AL Arab League
4%
GCC Gulf Cooperation Council
4%
ILO International Labour Organization
4%
AMU Arab Maghreb Union
2%
UNESCO United Nations Educational, Scientific and Cultural Organization
2%
FIFA Fédération Internationale de Football Association
0%
IAEA International Atomic Energy Agency
0%
ICAO International Civil Aviation Organization
0%
InterPol International Criminal Police Organization
0%
UNICEF United Nations International Children's Emergency Fund
0%
No matching quizzes found
Score Distribution
Percent of People with Each Score
Percentile by Number Answered
Your Score History
You have not taken this quiz